00305nam a2200121Ia 4500008004100000100001800041245003900059260003200098300000800130650002000138942000800158999001700166190216s9999||||xx |||||||||||||| ||und|| aChopra Gourav 0aStudy Ahead In Social Examiniation bLaxmi Publication Ltdc2003 a382 aSocial Sciences cREF c36722d36722